<?xml version="1.0" encoding="UTF-8"?>
<record
    xmlns:xsi="http://www.w3.org/2001/XMLSchema-instance"
    xsi:schemaLocation="http://www.loc.gov/MARC21/slim http://www.loc.gov/standards/marcxml/schema/MARC21slim.xsd"
    xmlns="http://www.loc.gov/MARC21/slim">

  <leader>00795nam a22001577a 4500</leader>
  <controlfield tag="003">OSt</controlfield>
  <controlfield tag="005">20151105151313.0</controlfield>
  <controlfield tag="008">151105b        xxu||||| |||| 00| 0 eng d</controlfield>
  <datafield tag="040" ind1=" " ind2=" ">
    <subfield code="c">RUA</subfield>
  </datafield>
  <datafield tag="082" ind1=" " ind2=" ">
    <subfield code="a">FOR LIM 1999 B126 Or.1</subfield>
  </datafield>
  <datafield tag="100" ind1=" " ind2=" ">
    <subfield code="9">3408</subfield>
    <subfield code="a">LIM, RADY.</subfield>
  </datafield>
  <datafield tag="245" ind1=" " ind2=" ">
    <subfield code="a">Study on forest community implementing in the form of forest villages and home-gardens in leay bo commune tramkak district takeo province, &#x179F;&#x17B7;&#x1780;&#x17D2;&#x179F;&#x17B6;&#x1796;&#x17B8;&#x1780;&#x17B6;&#x179A;&#x17A2;&#x1793;&#x17BB;&#x179C;&#x178F;&#x17D2;&#x178F;&#x1793;&#x17CD;&#x179F;&#x17A0;&#x1782;&#x1798;&#x1793;&#x17CD;&#x1796;&#x17D2;&#x179A;&#x17C3;&#x1788;&#x17BE;&#x1780;&#x17D2;&#x179A;&#x17C4;&#x1798;&#x179A;&#x17BC;&#x1794;&#x1797;&#x17B6;&#x1796;&#x1796;&#x17D2;&#x179A;&#x17C3;&#x1797;&#x17BC;&#x1798;&#x17B7; &#x1793;&#x17B7;&#x1784; &#x1785;&#x17D2;&#x1794;&#x17B6;&#x179A;&#x178A;&#x17C6;&#x178E;&#x17B6;&#x17C6; &#x1793;&#x17C5;&#x1783;&#x17BB;&#x17C6;&#x179B;&#x17B6;&#x1799;&#x1794;&#x17BC;&#x179A; &#x179F;&#x17D2;&#x179A;&#x17BB;&#x1780;&#x178F;&#x17D2;&#x179A;&#x17B6;&#x17C6;&#x1780;&#x1780;&#x17CB; &#x1781;&#x17C1;&#x178F;&#x17D2;&#x178F;&#x178F;&#x17B6;&#x1780;&#x17C2;&#x179C;</subfield>
  </datafield>
  <datafield tag="260" ind1=" " ind2=" ">
    <subfield code="a">Phnom Penh</subfield>
    <subfield code="b">RUA</subfield>
    <subfield code="c">1999</subfield>
  </datafield>
  <datafield tag="300" ind1=" " ind2=" ">
    <subfield code="a">82p.</subfield>
    <subfield code="b">ill.</subfield>
    <subfield code="c">29cm.</subfield>
  </datafield>
  <datafield tag="942" ind1=" " ind2=" ">
    <subfield code="2">ddc</subfield>
    <subfield code="c">FOR</subfield>
  </datafield>
  <datafield tag="999" ind1=" " ind2=" ">
    <subfield code="c">3180</subfield>
    <subfield code="d">3180</subfield>
  </datafield>
  <datafield tag="952" ind1=" " ind2=" ">
    <subfield code="0">0</subfield>
    <subfield code="1">0</subfield>
    <subfield code="2">ddc</subfield>
    <subfield code="4">0</subfield>
    <subfield code="6">FOR_LIM_1999_000000000000000_B126_OR_1</subfield>
    <subfield code="7">0</subfield>
    <subfield code="9">14915</subfield>
    <subfield code="a">LBB</subfield>
    <subfield code="b">LBB</subfield>
    <subfield code="c">B126</subfield>
    <subfield code="d">2015-11-05</subfield>
    <subfield code="o">FOR LIM 1999 B126 Or.1</subfield>
    <subfield code="p">RUA027524</subfield>
    <subfield code="r">2015-11-05</subfield>
    <subfield code="w">2015-11-05</subfield>
    <subfield code="y">FOR</subfield>
  </datafield>
  <datafield tag="952" ind1=" " ind2=" ">
    <subfield code="0">0</subfield>
    <subfield code="1">0</subfield>
    <subfield code="2">ddc</subfield>
    <subfield code="4">0</subfield>
    <subfield code="6">FOR_LIM_1999_000000000000000_B126_OR_2</subfield>
    <subfield code="7">0</subfield>
    <subfield code="9">14916</subfield>
    <subfield code="a">LBB</subfield>
    <subfield code="b">LBB</subfield>
    <subfield code="c">B126</subfield>
    <subfield code="d">2015-11-05</subfield>
    <subfield code="o">FOR LIM 1999 B126 Or.2</subfield>
    <subfield code="p">RUA027816</subfield>
    <subfield code="r">2015-11-05</subfield>
    <subfield code="w">2015-11-05</subfield>
    <subfield code="y">FOR</subfield>
  </datafield>
  <datafield tag="952" ind1=" " ind2=" ">
    <subfield code="0">0</subfield>
    <subfield code="1">0</subfield>
    <subfield code="2">ddc</subfield>
    <subfield code="4">0</subfield>
    <subfield code="6">FOR_LIM_1999_000000000000000_B126_OR_3</subfield>
    <subfield code="7">0</subfield>
    <subfield code="9">14917</subfield>
    <subfield code="a">LBB</subfield>
    <subfield code="b">LBB</subfield>
    <subfield code="c">B126</subfield>
    <subfield code="d">2015-11-05</subfield>
    <subfield code="o">FOR LIM 1999 B126 Or.3</subfield>
    <subfield code="p">RUA027740</subfield>
    <subfield code="r">2015-11-05</subfield>
    <subfield code="w">2015-11-05</subfield>
    <subfield code="y">FOR</subfield>
  </datafield>
  <datafield tag="952" ind1=" " ind2=" ">
    <subfield code="0">0</subfield>
    <subfield code="1">0</subfield>
    <subfield code="2">ddc</subfield>
    <subfield code="4">0</subfield>
    <subfield code="6">FOR_LIM_1999_000000000000000_B126_OR_4</subfield>
    <subfield code="7">0</subfield>
    <subfield code="9">14918</subfield>
    <subfield code="a">LBB</subfield>
    <subfield code="b">LBB</subfield>
    <subfield code="c">B126</subfield>
    <subfield code="d">2015-11-05</subfield>
    <subfield code="o">FOR LIM 1999 B126 Or.4</subfield>
    <subfield code="p">RUA027668</subfield>
    <subfield code="r">2015-11-05</subfield>
    <subfield code="w">2015-11-05</subfield>
    <subfield code="y">FOR</subfield>
  </datafield>
  <datafield tag="952" ind1=" " ind2=" ">
    <subfield code="0">0</subfield>
    <subfield code="1">0</subfield>
    <subfield code="2">ddc</subfield>
    <subfield code="4">0</subfield>
    <subfield code="6">FOR_LIM_1999_000000000000000_B126_OR_5</subfield>
    <subfield code="7">0</subfield>
    <subfield code="9">14919</subfield>
    <subfield code="a">LBB</subfield>
    <subfield code="b">LBB</subfield>
    <subfield code="c">B126</subfield>
    <subfield code="d">2015-11-05</subfield>
    <subfield code="o">FOR LIM 1999 B126 Or.5</subfield>
    <subfield code="p">RUA027596</subfield>
    <subfield code="r">2015-11-05</subfield>
    <subfield code="w">2015-11-05</subfield>
    <subfield code="y">FOR</subfield>
  </datafield>
</record>
